=LDR 00000nam 2200000 4500 =001 INLIS000000000041080 =005 20191219085932 =035 ##$$a 0010-061300000041080 =008 191219###########################0#ind## =041 ##$$a Ind =082 ##$$a 379.598 =090 ##$$a 379.598, Pro p =245 ##$$a Profil indikator pendidikan indonesia 2009 ( kajian indokator) =260 ##$$a Jakarta :$b BPS,$c 2010 =300 ##$$a vii, 176 hlm, ; $c 24 cm =650 ##$$a Pendidikan dan negara =850 ##$$a NBPNMAT =084 ##$$a 379.598 PRO =990 ##$$a 17671767 =990 ##$$a 31200187 =990 ##$$a 31200187